00469nam a2200145 i 450000100060000000300090000600500170001500700030003200800410003510000440007624501120012026000360023230000210026885200340028940137ES-MaACL20230906160141.0t|030305s1954 sp ||||1| spa d1 aCarceller Galindo, Manuel (d1899-1983)13aLa Recolección Agustiniana y la Virgen del Pilar / cpor M. R. P. Manuel Carceller de la Sagrada Familia. aZaragoza : bNoticiero, c1954. a66 p. ; c24 cm. aES-MaACLj1981-F-15 bR.37207